The ancient historians /

محفوظ في:

المؤلف الرئيسي: Grant, Michael, 1914-2004 (مؤلف)

التنسيق: كتاب

اللغة: English

منشور في: New York : Scribner, [1970].

الموضوعات:

الوسوم: إضافة وسم

لا توجد وسوم, كن أول من يضع وسما على هذه التسجيلة!

رقم الطلب: DE8 .G76 1970

LEADER 00700namaa2200241 4500
001 22132
003 OSt
005 20251216140640.0
008 130303s1970 nyuabch b 000 0 eng d
040 |c ARCE Library 
043 |a e-it---  |a e-gr--- 
050 4 |a DE8 .G76 1970 
100 1 |a Grant, Michael,  |d 1914-2004,  |e author 
245 1 4 |a The ancient historians /  |c Michael Grant. 
264 1 |a New York :  |b Scribner,   |c [1970]. 
300 |a xviii, 486 pages :   |b illustrations, facsimiles, maps, portraits ;  |c 24 cm. 
504 |a Bibliography : pages 467-471. 
555 |a Sara.lib 
650 0 |a Historians  |z Greece. 
650 0 |a Historians  |z Rome. 
901 |a reviewed 
942 |c BK  |2 lcc 
999 |c 20736  |d 20736